000 00370nam a2200157Ia 4500
003 Ost
005 20260225132558.0
008 260225s9999||||xx |||||||||||||| ||und||
040 _cfsic
041 _afre
082 _a302.23
100 _aDébbah mohamed
_eAuteur
245 0 _aL'OAS et l'indépendance de l'algerie /
245 0 _cDébbah mohamed
942 _cكتاب
999 _c34584
_d34584